|
|
|
|
| LEADER |
00000nam0a2200000 4500 |
| 001 |
370853 |
| 005 |
20231102012324.0 |
| 035 |
|
|
|a (RuTPU)RU\TPU\retro\28262
|
| 035 |
|
|
|a RU\TPU\book\307166
|
| 090 |
|
|
|a 370853
|
| 100 |
|
|
|a 20220810d1957 k y0rusy50 ca
|
| 101 |
0 |
|
|a rus
|
| 102 |
|
|
|a RU
|
| 105 |
|
|
|a a z 001zy
|
| 200 |
1 |
|
|a Вопросы геологии и геохимии гранитных пород
|f Академия наук СССР (АН СССР), Институт геологии рудных месторождений, петрографии, минералогии и геохимии (ИГЕМ) ; гл. ред. Г. Д. Афанасьев
|
| 210 |
|
|
|a Москва
|c Изд-во Академии наук СССР
|d 1957
|
| 215 |
|
|
|a 213 с.
|c ил.
|
| 225 |
1 |
|
|a Труды института геологии рудных месторождений, петрографии, минералогии и геохимии
|v Вып. 5
|
| 320 |
|
|
|a Библиография в конце статей
|
| 606 |
1 |
|
|a Гранитные интрузии
|2 stltpush
|3 (RuTPU)RU\TPU\subj\8542
|9 35936
|
| 610 |
1 |
|
|a геохимия
|
| 610 |
1 |
|
|a гранитные породы
|
| 610 |
1 |
|
|a Казахстан
|
| 610 |
1 |
|
|a Прибалхашье
|
| 610 |
1 |
|
|a петрохимия
|
| 610 |
1 |
|
|a грейзены
|
| 610 |
1 |
|
|a пегматиты
|
| 675 |
|
|
|a 552.321.1
|v 3
|
| 702 |
|
1 |
|a Афанасьев
|b Г. Д.
|4 651
|
| 712 |
0 |
2 |
|a Академия наук СССР (АН СССР)
|b Институт геологии рудных месторождений, петрографии, минералогии и геохимии (ИГЕМ)
|c (Москва)
|2 stltpush
|3 (RuTPU)RU\TPU\col\11398
|
| 801 |
|
1 |
|a RU
|b 63413507
|c 20150204
|
| 801 |
|
2 |
|a RU
|b 63413507
|c 20220810
|g RCR
|
| 942 |
|
|
|c BK
|